| 000 | 01256cab a22002655a 4500 | ||
|---|---|---|---|
| 001 | L138634 | ||
| 008 | 070627e20070615xxk f 000 0 eng d | ||
| 035 | _a(Sirsi) u138634 | ||
| 041 | 0 | _aeng | |
| 100 | 1 | _aLight, Roy | |
| 245 | 0 | 0 |
_aUpdate _blicensing |
| 260 | _c2007 | ||
| 490 |
_aSolicitors' Journal _v151(23) 15 June 2007, 774-776(2) |
||
| 520 | _aDiscusses revised guidance under the Licensing Act 2003 and recent case law. Revised guidance from the Department of Culture, Media and Sport was published on 22 June 2006. This suggests ways in which authorisation for the sale of alcohol by the licence holder can be granted in his absence. A full revision of the guidance is expected during 2007. Addresses liability for underage sales, alcohol disorder zones and planning and licensing issues. Recent case law concerning costs in licensing appeals is also reviewed. | ||
| 590 | _aKA | ||
| 650 | 2 | 4 | _aLICENSING ACT 2003 |
| 650 | 2 | 4 | _aGAMBLING ACT 2005 |
| 650 | 2 | 4 | _aVIOLENT CRIME REDUCTION ACT 2006 |
| 650 | 2 | 4 | _aBRADFORD MDC V BOOTH |
| 650 | 2 | 4 | _aCRAWLEY BC V ATTENBOROUGH |
| 650 | 2 | 4 | _aR (CAMBRIDGE CC) V ALEX NESTLING LTD |
| 651 | 4 |
_aEngland and Wales _y1543- |
|
| 690 | _aPROPERTY-COMMERCIAL PROPERTY-RETAIL PROPERTY | ||
| 942 | _n0 | ||
| 999 |
_c78940 _d78940 |
||